000 00974nmc a2200325 a 4500
003 AR-BaBNM
005 20251128210040.0
008 011101s1997 ||||||||||||||000 | spa||
020 _a950-9467-77-4
040 _cAR-BaBNM
245 1 0 _aMujeres en la educación
_bgénero y docencia en la Argentina : 1870-1930
260 _aBuenos Aires
_bMiño y Dávila
_c1997
300 0 _a191 p.
490 0 _aEducación, crítica y debate
500 0 _aContiene referencias bibliográficas al final de cada capítulo
600 1 4 _aSarmiento, Domingo Faustino
_d1868-1874
650 4 _aHISTORIA DE LA EDUCACION
650 4 _aDOCENTES
650 4 _aPROFESIONES
650 4 _aFEMINISMO
650 4 _aMUJERES
650 4 _aTRABAJADORAS
650 4 _aESCUELAS PUBLICAS
650 4 _aSOCIALISTAS
653 0 _aGENERO
700 1 _aMorgade, Graciela
_ecompilador
700 1 _aTadeu Da Silva, Tomaz
_eprologuista
800 1 _aGentilli, Pablo
_edirector
942 _cBK
999 _c13817
_d13817